00210nam a2200097Ia 4500008004100000041000800041100001700049245002900066260000900095300000800104230724s1999 xx und d aeng aBUDHANANDA S aTHE MIND AND ITS CONTROL c1999 a536